Geography Quiz

Random Geography or State Quiz

States with White Castle Quiz Stats

 Plays Quiz Updated Jan 29, 2015

Challenge
Share
Tweet
Embed
Score 0/13 Timer 01:30
3 Plays Today
# of Locations State % Correct
36New York
90.1%
61Ohio
86.8%
74Illinois
84%
60Indiana
82%
1Pennsylvania
81.4%
43Michigan
79.6%
38Kentucky
73.7%
29New Jersey
71.3%
1Wisconsin
68.9%
8Tennessee
65.4%
20Minnesota
63.5%
35Missouri
60.2%
1Nevada
14.9%

You're not logged in!

Compare scores with friends on all Sporcle quizzes.
OR
Log In

You Might Also Like...

Show Comments

Extras

Top Quizzes Today


Score Distribution

Your Account Isn't Verified!

In order to create a playlist on Sporcle, you need to verify the email address you used during registration. Go to your Sporcle Settings to finish the process.

Report this User

Report this user for behavior that violates our Community Guidelines.

Details: